| 000 | 00384nam a2200157Ia 4500 | ||
|---|---|---|---|
| 003 | GCL | ||
| 008 | 140319s9999 xx 000 0 eng d | ||
| 040 |
_aGCL / _cGCL |
||
| 082 | 0 | 4 |
_a153.12 _bH S |
| 100 | 1 | _aHERRMAN, DOUGLAD | |
| 245 | 1 | 0 |
_aSUPER MEMORY / _cHERRMAN, DOUGLAD |
| 260 |
_a[S.N] : _bBLANDFORD PRESS ، _c1990 |
||
| 300 | _a274 P | ||
| 650 | 0 | 4 | _aMEMORY |
| 942 |
_2ddc _cBK |
||
| 999 |
_c24387 _d24387 |
||